书目信息 |
| 题名: |
联合国与南南合作
|
|
| 作者: | 张贵洪 主编 | |
| 分册: | ||
| 出版信息: | 北京 时事出版社 2015 |
|
| 页数: | 294页 | |
| 开本: | 25cm | |
| 丛书名: | 复旦联合国研究丛书 | |
| 单 册: | ||
| 中图分类: | D813.2-53 , F114.43-53 | |
| 科图分类: | ||
| 主题词: | ||
| 电子资源: | ||
| ISBN: | 978-7-80232-906-5 | |
| 000 | 01283nam0 22002891 450 | |
| 001 | 0120082221 | |
| 005 | 20170320082221.0 | |
| 010 | @a978-7-80232-906-5@dCNY85.00 | |
| 100 | @a20160118d2015 em y0chiy50 ea | |
| 101 | 0 | @achi |
| 102 | @aCN@b110000 | |
| 105 | @ay z 000yy | |
| 106 | @ar | |
| 200 | 1 | @a联合国与南南合作@9lian he guo yu nan nan he zuo@dThe United Nations and South-South cooperation@e首届联合国研究青年论坛获奖论文集@f张贵洪主编@zeng |
| 210 | @a北京@c时事出版社@d2015 | |
| 215 | @a294页@d25cm | |
| 225 | 2 | @a复旦联合国研究丛书@9fu dan lian he guo yan jiu cong shu |
| 330 | @a本书是首届联合国研究青年论坛获奖论文集。这些论文从不同的视角和层面阐述了联合国与南南合作的相关问题,其中包括南南合作的动力、新型南南合作、中国的发展理念、全球互联网治理、金砖国家、创意产业、公私伙伴关系、保护的责任等。 | |
| 461 | 0 | @12001 @a复旦联合国研究丛书 |
| 510 | 1 | @aUnited Nations and South-South cooperation@zeng |
| 517 | 1 | @a首届联合国研究青年论坛获奖论文集@9shou jie lian he guo yan jiu qing nian lun tan huo jiang lun wen ji |
| 601 | 02 | @a联合国@Alian he guo@x关系@x南南合作@j文集 |
| 690 | @aD813.2-53@v5 | |
| 690 | @aF114.43-53@v5 | |
| 701 | 0 | @a张贵洪@9zhang gui hong@f(1965~)@4主编 |
| 801 | 0 | @aCN@bTANGWEI@c20170308 |
| 905 | @b0957135-7@dD813.2-53@e2@f3 | |
| 联合国与南南合作=The United Nations and South-South cooperation:首届联合国研究青年论坛获奖论文集/张贵洪主编.-北京:时事出版社,2015 |
| 294页;25cm.-(复旦联合国研究丛书) |
| ISBN 978-7-80232-906-5:CNY85.00 |
| 本书是首届联合国研究青年论坛获奖论文集。这些论文从不同的视角和层面阐述了联合国与南南合作的相关问题,其中包括南南合作的动力、新型南南合作、中国的发展理念、全球互联网治理、金砖国家、创意产业、公私伙伴关系、保护的责任等。 |
| ● |
| 相关链接 |
|
|
|
|
正题名:联合国与南南合作
索取号:D813.2-53/2
 
预约/预借
| 序号 | 登录号 | 条形码 | 馆藏地/架位号 | 状态 | 备注 |
| 1 | 0957135 | 209571355 | 第一样本阅览室/ [索取号:D813.2-53/2] | 在馆 | |
| 2 | 0957136 | 209571364 | 第一借阅区/ [索取号:D813.2-53/2] | 在馆 | |
| 3 | 0957137 | 209571373 | 第一借阅区/ [索取号:D813.2-53/2] | 在馆 |